Origine des noms de pays d'amériques - Statistiques

Statistiques générales
  • Ce quiz a été pris 86 fois
  • Le résultat moyen est 18 sur 25
Statistiques - réponses
Hint Réponse % Correct
En référence a la ligne équinoxiale qui traverse le pays Equateur
94%
Du latin Argentum Argentine
93%
Crée par l'explorateur Gil Gonzales Davila en référence au nom du chef amérindien Nicarao et à l'eau Nicaragua
93%
Référence aux profondeurs ou aux piments, correspond à une fameuse recette que l'on dit "con carne" Chili
91%
De Guiana signifiant "terres de nombreuses eaux" Guyana
91%
De Cubanacan « lieu central » ou taino cubao « où la terre fertile est abondante » ou coabana « grand lieu » Cuba
89%
Riche Cote, la légende raconte qu'on pouvais trouver des cartes de crédit par centaines sur la plage au moyen age Costa Rica
83%
Origine azteque incertaine, mais bon comme c'est les aztèques... Mexique
83%
Fondé par un pirate, anciennement connu sous le nom de Honduras britanique Belize
79%
En l'honneur du saint espagnol Dominique de Guzman République dominicaine
79%
Du mot Kanata dans la langue iroquoise Canada
74%
De : Cuauhtēmallān, « lieu de très nombreux arbres », Guatemala
74%
Petite venise, vous avez aucune excuse Venezuela
74%
En référence au nom portugais d'un arbre rouge qui sert pour les teintures Brésil
69%
Très facile : en hommage à Chrichri Colombie
69%
Le sauveur jésus christ Salvador
68%
Signifie les barbus, en références aux longues racines de figuiers présents sur l'ile Barbade
67%
Beaucoup de poissons ou abondance de papillons, pays très cool quand il faut apprendre les capitales Panama
64%
En référence à une autre rivière Paraguay
60%
En référence a une rivière Uruguay
60%
En référence au jour de la semaine ou Christophe Colomb a débarqué sur cette ile (le mec a peu d'idées clairement) Dominique
58%
D'après la ville éponyme du sud de l'Espagne Grenade
57%
Mystère total sur celui la, mais cherchez quand meme Perou
49%
Nom donné par Christophe Colomb signifie profondeur, en référence aux eaux profondes au large de la cote septentrionale Honduras
48%
Terre montagneuse ( je ne comprend mais alors pas du tout pourquoi) Haiti
47%
Aucun quiz correspondant
Distribution des résultats
% des personnes avec chaque résultat
Percentile par nombre de réponses
Votre historique - résultats
Vous n’avez pas pris ce quiz